00674nam a2200229 a 4500001001300000003000900013005001700022008004100039020000900080082001300089100001700102245009500119260002300214300000800237500003500245650002200280700001700302902000800319942000700327952009300334999001700427nice12345678IN_TiNIC20260116014236.0070312s2000 dela grd 000 0 hin  ac7500a306bRAZ aRaza, Gauhat aSamaj Aur Shaasanb Gujarat Ek Sabak, Dharm Ka Apaharan, Dalit Ka Mudda Aur Sampradayikata aDelhibAnhadc2000 a00p aincludes index and biblioraphy aCommunalism-India1 aRaza, Gauhat bSRS cND 00104070aHMIbHMId2008-03-17g75.00l0o306 RAZp021414r2008-03-17w2026-01-16yVM c14482d14482